000 00632nam a2200205Ia 4500
003 GCL
008 140319s9999 xx 000 0 ara d
040 _aGCL /
_cGCL
082 0 4 _a811.009
_bا ن
100 1 _aاحمد زيادة
245 1 0 _aنزار عاشق المرأة /
_cاحمد زيادة
300 _a184 ص
490 _aالهيئة العامة للاستعلامات
_v0
650 0 4 _aالادب العربى
650 0 4 _aالادب
650 0 4 _aالشعر العربى - تاريخ ونقد
650 0 4 _aنزار قبانى
650 0 4 _aالادب العربى - تاريخ ونقد
942 _2ddc
_cBK
999 _c47796
_d47796